Ngôn ngữ C : Lý thuyết và thực hành. 80 chương trình mẫu trong KHKT và quản lý kinh tế

সংরক্ষণ করুন:
গ্রন্থ-পঞ্জীর বিবরন
প্রধান লেখক: Phạm Văn Ất, GS
বিন্যাস: গ্রন্থ
প্রকাশিত: Nxb Tp.HCM 1999
ট্যাগগুলো: ট্যাগ যুক্ত করুন
কোনো ট্যাগ নেই, প্রথমজন হিসাবে ট্যাগ করুন!
Thư viện lưu trữ: Mạng thư viện Đại học Đà Nẵng
LEADER 00625nam a2200229 a 4500
001 000028830
003 454
005 20171030145630.0
008 171030s1999
020 |c 47000 
040 |a LTT 
082 0 |a 005,133  |b PH- 
100 1 |a Phạm Văn Ất, GS 
245 0 0 |a Ngôn ngữ C : Lý thuyết và thực hành. 80 chương trình mẫu trong KHKT và quản lý kinh tế  |c Phạm Văn Ất. 
260 |b Nxb Tp.HCM  |c 1999 
OWN |a LTT 
999 |a From the UDN01 
TYP |a Monograph 
TYP |a Printed language 
980 |a Mạng thư viện Đại học Đà Nẵng